000 00401nam a2200157Ia 4500
008 230524s9999 xx 000 0 und d
082 _a540
_bHAY
100 _aSimon Haykin
245 3 _aAn Introduction to Analog and Digital Communication
250 _a1ST
260 _aNEW DELHI
_bJohn Wiley
_c2004
300 _aXVI;645
500 _aQuantity Number: 2
650 _aElectronics
942 _cBK
999 _c30033
_d30033